| 000 | 01119cam a2200325 i 4500 | ||
|---|---|---|---|
| 999 |
_c200444052 _d62264 |
||
| 001 | 200444052 | ||
| 003 | TR-AnTOB | ||
| 005 | 20240810073810.0 | ||
| 007 | ta | ||
| 008 | 040210s1969 tu 00000 tur d | ||
| 040 |
_aTR-AnTOB _beng _erda _cTR-AnTOB |
||
| 041 | 0 | _atur | |
| 044 | _ctu | ||
| 050 | 1 | 4 |
_aHC492 _b.İ45 1969 |
| 090 |
_aTOBBK HC492 _b.İ45 1969 |
||
| 245 | 0 | 0 |
_aİkinci Beş Yıl 1968-1972 : _b1969 yılı programı / _c Devlet Planlama Teşkilatı. |
| 264 | 1 |
_aAnkara : _bDevlet Planlama Teşkilatı, _c1969. |
|
| 300 |
_a476 pages ; _c24 cm |
||
| 336 |
_atext _btxt _2rdacontent |
||
| 337 |
_bn _2rdamedia _aunmediated |
||
| 338 |
_avolume _bnc _2rdacarrier |
||
| 490 | 0 |
_aDevlet Planlama Teşkilatı ; _vyayın no : DPT : 748 |
|
| 505 | _a1969 YILI PROGRAMININ UYGULANMASI, KOORDİNAS-YONU VE İZLENMESİNE DAİR KARAR | ||
| 650 | 7 |
_aEkonomik kalkınma projeleri _zTürkiye _2etuturkob _9103506 |
|
| 651 | 7 |
_aTürkiye _xEkonomi politikası _2 _911070 |
|
| 710 | 2 |
_aDevlet Planlama Teşkilatı (Türkiye) _934114 |
|
| 942 |
_2z _cBK |
||